Miloš Alexander Bazovský

Bibliographic Details
Other Authors: Lovišková, Danica (Compiler, Author of introduction, etc.), Kobza, Ladislav, 1942- (Photographer)
Format: Book
Language:Slovak
PhysicalDescription:36 s. fotogr. 15 x 11 cm
Published: Bratislava SFVU 1984
Edition:1. vyd.
Series:-Národní umelci-
Subjects:

MARC

LEADER 00000cam a2200000 a 4500
001 vtls001198025
003 SK-MaSNL
005 20260425231615.0
008 250414s1984 xo o gr |0000 slo
015 |a SNBA1984/02 
020 |q (viaz.) 
035 |a SNK000141094 
040 |a SNK  |b slo  |c SNK  |e AACR2 
041 0 |a slo 
043 |a e-xo--- 
044 |a xo  |c SK 
072 7 |a 7.01/.09  |x Umenie  |2 konspekt 
080 |a 75.071.1(084.12)  |2 1981 
080 |a 929 Bazovský, Miloš Alexander  |2 1981 
080 |a 75.071.1  |2 2011 
080 |a 72  |2 2011 
080 |a 76.071.1  |2 2011 
080 |a (437.6)  |2 2011 
245 0 0 |a Miloš Alexander Bazovský  |c zostavila a úvodný text napísala Danica Lovišková ; fotografie L. Kobza 
250 |a 1. vyd. 
260 |a Bratislava  |b SFVU  |c 1984 
300 |a 36 s.  |b fotogr.  |c 15 x 11 cm 
490 1 |a -Národní umelci- 
600 1 7 |a Bazovský, Miloš Alexander,  |d 1899-1968  |2 SNKMA  |9 103185 
650 0 7 |a maliari  |2 SNKPH  |9 3150 
650 0 7 |a výtvarníci  |2 SNKPH  |9 118705 
650 0 7 |a grafici  |2 SNKPH  |9 87837 
651 7 |a Slovensko  |2 SNKPHgeo  |9 14231 
655 7 |a fotosúbory  |2 SNKPH  |9 76380 
700 1 |a Lovišková, Danica  |4 com  |4 aui  |9 5533 
700 1 |a Kobza, Ladislav,  |d 1942-  |4 pht  |9 243710 
830 0 |a -Národní umelci-  |9 453035 
852 |a Slovenská národná knižnica 
954 |a obrazové publikácie zamerané na výtvarné umenie a fotografiu pôvodné (slovenské)  |2 lita 
958 |a OND 
958 |a TL 
958 |a BX 
999 |c 710314  |d 712244 
952 |t P60, <03>, [BOOK], {603}  |a SNK  |b SNK  |y PREZ  |7 0  |p 17A0169530  |o snkOSE 2069  |0 0  |1 0  |4 0  |d 1998-11-16  |l 0  |r 2005-01-01 00:00:00  |w 2026-02-23